zpět

Detail výsledku týmu

MaxWilliam, Znojmo

Datum a čas kvízu

33.5 Celkem bodů Celkový počet nahraných bodů na tomto kvízu bez doplňovacích otázek.
3. Pořadí na kvízu Konečné umístění týmu na tomto kvízu.

Zaznamenané odpovědi

# Otázka Odpověď Body Výsledky
1. Jistý poslanec za SPD minulý t... Radek Koten 1
2. Minulý týden se stala hitem so... Slovensko, ministerstvo kultury 1
3. Jak se nazývá německý zámek, j... Moritzburg 0
4. Vědci objevili v Peru dva nové... Iron Maiden 1
5. Který norský sportovec získal... Johannes Bö 1
6. Obec s nejdelším názvem v Česk... A 0
7. Česká republika se dělí na 14... Karlovy Vary, Jihlava 1
8. Nejvýše položená železniční st... Kubova 1
9. V této otázce bude potřeba k z... 1A 2B 3D 4C 1
10. V České republice jsou čtyři ú... NP Šumava 1